000 00563nam a2200181 i 4500
001 60816
003 ES-MaACL
005 20230906164318.0
007 t|
008 031106s1970 sp ||||1| spa d
100 1 _aEstrada Vidal, Fernando.
_948228
245 1 3 _aEl Japón de hoy a través de sus etapas /
_cFernando Estrada Vidal ; prólogo de Masahico Tanaka.
250 _a[1ª ed.].
260 _aBarcelona :
_bEJ,
_c[1970]
300 _a363 p., 60 lám. :
_bmap. ;
_c22 cm.
700 1 _aTanaka, Masahico.
_9109176
852 _aES-MaACL
_jC-38229
_bR.73319
999 _c60816
_d60816